ბათუმის შოთა რუსთაველის სახელმწიფო უნივერსიტეტის ბიბლიოთეკა

Справочник по инжинерной психологии для инженеров и художников-конструкторов=HUMAN GUIDE FOR EQUIPMENT DESIGNERS. (ბიბ.ჩანაწერი № 40665)

000 -LEADER
fixed length control field 00953nam a2200241Ia 4500
001 - CONTROL NUMBER
control field 7293
003 - CONTROL NUMBER IDENTIFIER
control field GE_BSU
008 - FIXED-LENGTH DATA ELEMENTS--GENERAL INFORMATION
fixed length control field 181216s||||||||xx |||||||||||||| ||und||
040 ## - CATALOGING SOURCE
Transcribing agency GE_BSU
080 ## - UNIVERSAL DECIMAL CLASSIFICATION NUMBER
Universal Decimal Classification number 159.9+62(035.3)
100 ## - MAIN ENTRY--PERSONAL NAME
Personal name Вудсон,У. Коновер,Н.
245 ## - TITLE STATEMENT
Title Справочник по инжинерной психологии для инженеров и художников-конструкторов=HUMAN GUIDE FOR EQUIPMENT DESIGNERS.
245 ## - TITLE STATEMENT
Statement of responsibility, etc. Под ред.В.Ф.Венда.
250 ## - EDITION STATEMENT
Edition statement перевод с английского А.М.Патушина.
260 ## - PUBLICATION, DISTRIBUTION, ETC.
Place of publication, distribution, etc. М.
260 ## - PUBLICATION, DISTRIBUTION, ETC.
Name of publisher, distributor, etc. Мир.
260 ## - PUBLICATION, DISTRIBUTION, ETC.
Date of publication, distribution, etc. 1988.
300 ## - PHYSICAL DESCRIPTION
Extent 517стр.с илл.27см.
653 ## - INDEX TERM--UNCONTROLLED
Uncontrolled term Психология
653 ## - INDEX TERM--UNCONTROLLED
Uncontrolled term Справочник по инжинерной психологии для инженеров и художников-конструкторов.
653 ## - INDEX TERM--UNCONTROLLED
Uncontrolled term ფსიქოლოგია
942 ## - ADDED ENTRY ELEMENTS (KOHA)
Koha item type წიგნი
ეგზემპლარები
Withdrawn status Lost status Damaged status Not for loan Date acquired Barcode Date last seen Price effective from Koha item type
        2018-12-17 9799 2018-12-17 2018-12-17 წიგნი